LEADER 01033nam a2200241 i 4500 001 000000231693 003 CaOOAMICUS 005 20140807000000.0 008 140807s1849 it u000 u fre u 013 $a210596 040 $aSeMil$bita 245 13$aLa France. 250 $a2. éd., revue et considérablement augmentée. 260 $aParis :$bJacques Lecoffre et C.,$c1849. 300 $axx, 492 p. 650 4$aFilosofia e rivelazione.$0(OLS)http://semarc/subject/4300 773 0 $aChassay, Frédéric-Édouard <1816-1880>$tChrist et l'Évangile, histoire critique des systemes rationalistes contemporains sur les origins de la révélation chrétienne.$dParis : Jacques Lecoffre et C., 1847-1848.$g1$w()30285 850 $aSeMil 852 $aSeMil$W1$xVenegono$y1$m2X I 14 FA$j182039$B182039$CSeMilBibl$Z2$F193077 $8I 941 1 $a10 961 $aRecupero: Mantegazza 996 $6245$aLa France$9(OLS)http://semarc/title/330768 996 $6260$aParis :$bJacques Lecoffre et C.$9(OLS)http://semarc/publisher/31265 LEADER 00917nam a2200229 i 4500 001 000000048907 003 CaOOAMICUS 005 20120614000000.0 008 120614s1979 it u000 u ita u 013 $a20077 040 $aSeMil$bita 100 1 $aLiverani, Piergiorgio,$d<1929- >.$0(OLS)http://semarc/name/24228 245 10$aAborto anno uno :$bfatti & misfatti della legge n. 194 /$cPier Giorgio Liverani. 260 $aMilano :$bAres,$cstampa 1979. 300 $a206 p. ;$c18 cm. 490 0 $aAres-dossier ;$v2 650 4$aAborto.$0(OLS)http://semarc/subject/5781 830 0$aAres-dossier ;$v2.$0(OLS)http://semarc/title/36372 850 $aSeMil 852 $aSeMil$W1$xVenegono$y1$m2E I 248$j15062$B15062$CSeMilBibl$Z2$F15062 $81 996 $6245$aAborto anno uno :$bfatti & misfatti della legge n. 194$9(OLS)http://semarc/title/74142 996 $6260$aMilano :$bAres$9(OLS)http://semarc/publisher/30250